000 00569nam a22001932 4500
001 0000012202
005 20151217155851.0
008 090216s xx 000 0 eng d
040 _aKABU
_cKABU
100 1 _aJohnson, Harry.
_@0000151882
245 1 0 _aNight and morning in dark Africa /
_cHarry Johnson.
250 _a1st ed.
260 _aLondon :
_bLondon Missionary Society,
_c[?]
300 _a223 p.
651 0 _aAfrica, Central
_xHistory.
_@0000168456
852 1 _9p400 KES
908 _a090216
950 _@1
999 _c13481
_d13481